From Vienna to Beijing : (Record no. 4378)

MARC details
000 -LEADER
fixed length control field 01038nam a2200241 4500
003 - CONTROL NUMBER IDENTIFIER
control field LK-CoMWRAF
008 - FIXED-LENGTH DATA ELEMENTS--GENERAL INFORMATION
fixed length control field 231213b1995 |||||||| |||| 00| 0 eng d
040 ## - CATALOGING SOURCE
Original cataloging agency LK-CoMWRAF
Modifying agency LK-CoMWRAF
Description conventions LK-CoMWRAF
041 ## - LANGUAGE CODE
Language code of text/sound track or separate title English
082 ## - DEWEY DECIMAL CLASSIFICATION NUMBER
Classification number 305.42
Item number COP
942 ## - ADDED ENTRY ELEMENTS (KOHA)
Koha item type Conference Proceeding
111 ## - MAIN ENTRY--MEETING NAME
Meeting name or jurisdiction name as entry element COPENHAGEN HEARING ON ECONOMIC JUSTICE AND WOMEN'S HUMAN RIGHTS
Location of meeting ( Copenhagen
Date of meeting 7th March)
700 ## - ADDED ENTRY--PERSONAL NAME
Personal name Dutt, Mallika
relator term compiler
700 ## - ADDED ENTRY--PERSONAL NAME
Personal name Fried, Susana T.
relator term compiler
700 ## - ADDED ENTRY--PERSONAL NAME
Personal name Holcomb, Deevy
relator term compiler
245 ## - TITLE STATEMENT
Title From Vienna to Beijing :
Remainder of title the Copenhagen Hearing on Economic Justice and Women's Human Rights at the United Nations World Summit on Social Development, Copenhagen, March 1995
260 ## - PUBLICATION, DISTRIBUTION, ETC. (IMPRINT)
Place of publication, distribution, etc. New Jersey:
Name of publisher, distributor, etc. Center for Women's Global Leadership,
Date of publication, distribution, etc. 1995
300 ## - PHYSICAL DESCRIPTION
Extent 53 p. : portraits ; 28 cm
856 ## - ELECTRONIC LOCATION AND ACCESS
Uniform Resource Identifier <a href="https://www.cwgl.rutgers.edu/docman/coalition-building-publications/367-copenhagen-hearing-on-economic-justice/file">https://www.cwgl.rutgers.edu/docman/coalition-building-publications/367-copenhagen-hearing-on-economic-justice/file</a>
650 ## - SUBJECT ADDED ENTRY--TOPICAL TERM
Topical term or geographic name as entry element Women- Economic conditions- Congresses
650 ## - SUBJECT ADDED ENTRY--TOPICAL TERM
Topical term or geographic name as entry element Women- Social conditions
650 ## - SUBJECT ADDED ENTRY--TOPICAL TERM
Topical term or geographic name as entry element Women's rights
Holdings
Withdrawn status Lost status Damaged status Not for loan Permanent Location Current Location Date acquired Full call number Barcode Koha item type
        Resource center, Muslim Women's Research And Action Forum Resource center, Muslim Women's Research And Action Forum 2023-12-13 305.42 COP RAF4554 Conference Proceeding

Copyright © 2023 Muslim Women's Research and Action Forum (MWRAF), No 27/3, Anderson Road, Kalubowila, Dehiwela. Funded by The Asia Fundation